Podnikanie a tvorba klastrov vo vybraných oblastiach s vplyvom na poľnohospodársku produkciu v Českej republike

Skúmanie klastrov pôsobiacich v podporných oblastiach v rámci ČR. Benchmarking klastrov a klastrových iniciatív. Poľnohospodárske klastre v EÚ. Analýza a vyhodnotenie dotazníkového prieskumu v českých klastroch. Faktory významné pre úspešný rozvoj klastra. Problémy, ktoré bránia úspešnému rozvoju kl...

Descripción completa

Guardado en:
Detalles Bibliográficos
Autor principal: Gajdová, Denisa, 1977-
Formato: Capítulo de libro
Lenguaje:eslovaco
Materias:
Etiquetas: Agregar Etiqueta
Sin Etiquetas, Sea el primero en etiquetar este registro!

MARC

LEADER 00000naa$a2200000$$$4500
001 0234749
005 20240527080028.5
041 0 |a slo 
044 |a SK 
245 1 0 |a Podnikanie a tvorba klastrov vo vybraných oblastiach s vplyvom na poľnohospodársku produkciu v Českej republike  |c Denisa Gajdová 
520 |a Skúmanie klastrov pôsobiacich v podporných oblastiach v rámci ČR. Benchmarking klastrov a klastrových iniciatív. Poľnohospodárske klastre v EÚ. Analýza a vyhodnotenie dotazníkového prieskumu v českých klastroch. Faktory významné pre úspešný rozvoj klastra. Problémy, ktoré bránia úspešnému rozvoju klastra. 
610 2 0 |a výroba poľnohospodárska 
610 2 0 |a klaster 
610 2 0 |a benchmarking 
610 2 0 |a prieskum 
610 2 0 |a Česko 
100 1 |a Gajdová, Denisa, 1977-